| 000 | 00394nam a2200145Ia 4500 | ||
|---|---|---|---|
| 999 |
_c6139 _d6139 |
||
| 020 | _a9781412913133 | ||
| 082 | _aRR 910.285 ENC- | ||
| 245 | 0 | _aEncyclopedia of geographic information science | |
| 260 |
_aLos Angeles _bSage Publications _c2008 |
||
| 300 | _a558 | ||
| 504 | _aincludes index | ||
| 650 |
_aGeographic information systems _vEncyclopedias |
||
| 700 | _aKemp, Karen K. | ||
| 942 | _cBK | ||